Construcción de un modelo de mejora continua desde los factores que explican la atracción y retención de estudiantes universitarios /
Guía para la mejora continua de los procesos y servicios de las instituciones de educación superior, con énfasis en la comprensión y atención de los factores que influyen en la elección y permanencia del estudiantado. Mientras atraer el futuro alumnado y el acceso a la educación constituyen retos re...
Na minha lista:
| Autor principal: | |
|---|---|
| Formato: | Livro |
| Idioma: | espanhol |
| Publicado em: |
Guadalajara, México :
Astra,
cc2025
|
| Assuntos: | |
| Tags: |
Sem tags, seja o primeiro a adicionar uma tag!
|
MARC
| LEADER | 00000nam^a2200000^a^4500 | ||
|---|---|---|---|
| 001 | 000629719 | ||
| 005 | 20260408000000.0 | ||
| 009 | 20260409133035.847 | ||
| 020 | |a 978-607-8964-33-8 | ||
| 037 | |a Acervo Xavier Clavigero | ||
| 041 | |a ESP | ||
| 082 | |a 378. 16 |b ROQ | ||
| 100 | |a Roque Rodríguez, Ernesto |e (autor) | ||
| 245 | 1 | 0 | |a Construcción de un modelo de mejora continua desde los factores que explican la atracción y retención de estudiantes universitarios / |c E. Roque Rodríguez. |
| 264 | 4 | |a Guadalajara, México : |b Astra, |c cc2025 | |
| 300 | |a 184 p. | ||
| 336 | |a texto |b txt |2 rdacontenido | ||
| 337 | |a sin mediación |b n |2 rdamedio | ||
| 338 | |a volumen |b nc |2 rdasoporte | ||
| 520 | |a Guía para la mejora continua de los procesos y servicios de las instituciones de educación superior, con énfasis en la comprensión y atención de los factores que influyen en la elección y permanencia del estudiantado. Mientras atraer el futuro alumnado y el acceso a la educación constituyen retos relevantes, el desafío mayor radica en asegurar que los estudiantes persistan en sus trayectorias formativas, adquieran aprendizajes necesarios y culminen su proceso educativo. De esa permanencia depende la estabilidad de las instituciones, pero sobre todo contar con mayores probabilidades de formar profesionales capaces de impactar en el desarrollo de sus comunidades circundantes. | ||
| 649 | |a XX | ||
| 650 | |a Universidades - |x Administración - |x Tema Principal | ||
| 650 | |a Acceso a la Educación | ||
| 650 | |a Deserción Escolar - |x Prevención | ||
| 650 | |a Trayectoria Estudiantil | ||
| 650 | |a Calidad de la Educación - |x Tema Principal | ||
| 650 | |a Evaluación Educativa | ||
| 650 | |a Proceso Educativo | ||
| 650 | |a Administración Educativa | ||
| 650 | |a Educación y Desarrollo | ||
| 650 | |a Educación Superior - |x Tema Principal | ||
| 910 | |a Fondo General | ||
| 920 | |a Impresos - Libros | ||
| 930 | |a Colección General | ||
| 905 | |a 101 | ||
| 901 | |a 630057-10 |b IT1 |c ACC |i D7471 |u 20260408 | ||
| 901 | |a 630057-20 |b IT1 |c ACC |i D7472 |u 20260408 | ||
| 902 | |a https://opac.biblio.iteso.mx/vufind/Record/000629719 | ||